A szubjektumvalóság-szekció

Bibliographic Details
Main Author: Magyari, Andrea, 1973- (Author)
Format: Article
Language:Slovak
Hungarian
PhysicalDescription:Obr.
ISSN:1335-1826
Subjects:

MARC

LEADER 00000nab a2200000 a 4500
001 vtls009353964
003 SK-MaSNL
005 20260304151702.0
008 250506c2008 xo |||||||| |000 b|slo
015 |a SNBRB2008/10  |2 snkbucl 
035 |a (uuid)f9657d43-525d-4553-b9b5-b482d28136d6 
035 |a urn:nbn:sk:snk-ab1wqw 
035 |a (urnnbn)urn:nbn:sk:snk:ar-a0159m 
038 |a SNKBUCL 
040 |a SNKBUCL  |b slo  |c SNKBUCL  |e AACR2 
041 0 |a hun 
044 |a xo  |c SK 
080 |a 821.511.141-32=511.141  |2 1997 
100 1 |a Magyari, Andrea,  |d 1973-  |4 aut  |9 1473227 
245 1 0 |a A szubjektumvalóság-szekció  |c Magyari Andrea 
300 |b Obr. 
650 0 7 |a psychologické poviedky, maďarské  |2 snkbucl  |9 71096 
773 0 |t Kalligram : művészet és gondolat  |g Évf. XVII, sz. július-augusztus (2008), o. 41-45  |x 1335-1826 
850 |a Slovenská národná knižnica 
852 |a Slovenská národná knižnica 
958 |a article27 
958 |a OND 
958 |a HU 
958 |a LX 
958 |a EUIPO 
999 |c 2945274  |d 2947204